JUDr. Ján Bulík - zakladateľ a prvý predseda Matice slovenskej v Juhoslávii

Bibliographic Details
Main Author: Mazalová, Ludmila, 1943-2019 (Author)
Format: Article
Language:Slovak
Subjects:

MARC

LEADER 00000nab a2200000 a 4500
001 vtls000431862
003 SK-MaSNL
005 20260305043351.0
008 120925c1991 xo 0 slo
015 |a SNBRB19rr/mm-uuuuu 
035 |a CL0431990 
040 |a SNKBUCL  |b slo  |c SNKBUCL  |e AACR2 
041 0 |a slo 
044 |a xo  |c SK 
080 |a 323.113(497.1=854)  |2 1981 
080 |a 34-051  |2 1981 
080 |a 929 Bulík, Ján  |2 1981 
100 1 |a Mazalová, Ludmila,  |d 1943-2019  |4 aut  |9 10780 
245 1 0 |a JUDr. Ján Bulík - zakladateľ a prvý predseda Matice slovenskej v Juhoslávii  |c Ľudmila Mazalová 
600 1 7 |a Bulík, Ján,  |d 1897-1942  |2 snkbucl  |9 233459 
610 2 7 |a Matica slovenská v Juhoslávii  |2 snkbucl  |9 274774 
650 0 7 |a Slováci v zahraničí  |2 snkbucl  |9 14695 
651 7 |a Vojvodina (Srbsko)  |2 snkbucl  |9 27375 
651 7 |a Juhoslávia  |2 snkbucl  |9 22118 
655 7 |a články z novín a časopisov  |2 snkbucl  |9 267496 
773 0 |t Slovenské národné noviny  |g Roč. 2, č. 31 (1991), s. 9 
850 |a Slovenská národná knižnica v Martine  |a MTA001 
852 |a SNK  |b KIS3GCP 
992 |a RBX 
999 |c 3353228  |d 3355158